000 00400 a2200133 4500
001 88445
082 _aPR 660
090 _c41870
_d41870
100 _aMohammad Shahid Latif
245 _aComposition analysis of ferrous and non ferrous alloys by polarographic technique
260 _aKarachi
_bUniversity of Karachi
_c1971
300 _a125p.
_eAziz Ahmed
500 _aBE Project Reports
942 _aUniversity of Karachi
_kPR 660
999 _c323518
_d323518